000 01873cam a2200301 4500
001 L128167
002 8189
008 041201n2005 000 0 eng u
020 _a0853089361
035 _a(Sirsi) u128167
041 _aeng
050 _a333.3234
_c18
100 _aFrancis, Andrew
245 _aRestrictive covenants and freehold land
_ba practitioner's guide
250 _a2nd ed.
260 _aBristol
_bJordan
_c2005
300 _axlii, 394p.
_c26cm.
350 _a85
520 _aThe highly practical text complemented by flowcharts and checklists is aimed at practitioners who require an understanding of the law relating to restrictive covenants affecting freehold land. Covers how to draft restrictive covenants, identify existing ones, approach questions of covenant validity and construe the words used. Addresses remedies for breach, likely measure of damages and guidance as to procedure under the Civil Procedure Rules (CPR). Provides information on the special rules applying to statutory and other authorities, on the modification and discharge of restrictive covenants in the LT and on the arrangement of indemnity and insurance cover, in particular restrictive covenant indemnity insurance policies. The extensively revised second edition presents new material on commonhold ownership of freeholds and takes into account the Land Registration Act 2002, the impact of CPR, the Human Rights Act 1998 and important recent case law. Includes all relevant statutory material
520 _aSupersedes 1st edition (ISBN 0421619600)
520 _aSuperseded by 3rd edition (ISBN 9781846611728).
520 _aAccompanied by a CD-ROM (L145176) which is not available for loan.
590 _aIKA150405
650 _aLAND REGISTRATION ACT 2002
650 _aHUMAN RIGHTS ACT 1998
690 _aPROPERTY-FREEHOLD PROPERTY
942 _n0
999 _c103876
_d103876